000 00223nam a2200109Ia 4500
100 _aKENNEDY/PAUL
942 _cBK
245 _aPREPARING FOR THE TWENTY-FIRST CENTURY
260 _b#N/A
546 _aENGLISH
999 _c33857
_d33857